| 000 | 00665nam a2200193 4500 | ||
|---|---|---|---|
| 001 | 145267 | ||
| 003 | ES-MaACL | ||
| 005 | 20230906201210.0 | ||
| 007 | t| | ||
| 008 | 070214s1917 sp r ||||1| spa d | ||
| 100 | 1 |
_aSorel, Julián. _9107337 |
|
| 245 | 1 | 4 |
_aLos hombres del 98 : _bUnamuno / _cJulián Sorel [seud]. |
| 260 |
_aMadrid : _bRafael Caro Raggio, _c1917 ( _fImp. Artística Saéz Hermanos) |
||
| 300 |
_a158 p. ; _c19 cm. |
||
| 594 | _aJulián Sorel es seud. de Luis Rodríguez-Émbil. | ||
| 600 | 1 | 4 |
_aUnamuno, Miguel de, _d1864-1936- _xCrítica e interpretación _9111984 |
| 852 |
_aES-MaACL _jF-6655 _z- Enc. hol. |
||
| 999 |
_c145267 _d145267 |
||